[Event "Titled Tuesday 2021.01.12"]
[Site "chess.com INT"]
[Date "2021.01.12"]
[Round "8"]
[White "Rodrigue-Lemieux, Shawn"]
[Black "Drygalov, Sergey"]
[Result "1/2-1/2"]
[WhiteElo "2276"]
[BlackElo "2490"]
[PlyCount "132"]
[EventDate "2021.01.12"]
[EventType "swiss (blitz)"]
[EventRounds "11"]
[EventCountry "NET"]
[Source "Mark Crowther"]
[SourceDate "2021.01.18"]

1. c4 e5 2. g3 Nf6 3. Bg2 Nc6 4. Nc3 Bb4 5. Nd5 Bc5 6. e3 a5 7. Ne2 d6 8. O-O
O-O 9. b3 Re8 10. Bb2 Ba7 11. d4 Bg4 12. dxe5 Nxe5 13. h3 Nxd5 14. cxd5 Bf3 15.
Bxe5 Bxg2 16. Kxg2 Rxe5 17. Rc1 Bc5 18. Nf4 Qe7 19. Qf3 Bb6 20. Rc4 Re8 21.
Rfc1 g6 22. Nd3 Rf5 23. Rf4 Rxf4 24. Qxf4 Qd7 25. Nb2 Bc5 26. Na4 b6 27. Nc3
Qe7 28. Rc2 Kg7 29. Nb5 Qd7 30. Nd4 Re5 31. Qf3 Bxd4 32. exd4 Re7 33. Re2 Rxe2
34. Qxe2 Qf5 35. Qc4 Qe4+ 36. Kg1 Qe7 37. a3 h5 38. b4 a4 39. h4 Kf6 40. b5 Kf5
41. Qc2+ Kf6 42. Qxa4 Qe1+ 43. Kg2 Qe4+ 44. Kg1 Qxd5 45. Qc2 Qxd4 46. Qxc7 Qd1+
47. Kh2 Qd4 48. Kg1 Qc5 49. Qd8+ Kg7 50. a4 Qc1+ 51. Kg2 Qc5 52. Qg5 d5 53.
Qe5+ Kh7 54. Qf6 Qc7 55. Qd4 Qd6 56. Qf4 Qe6 57. Qe3 Qd6 58. Qf3 Kg8 59. Qf4
Qc5 60. Qe5 Kf8 61. Qh8+ Ke7 62. Qe5+ Kd7 63. Qf4 Ke8 64. Qe5+ Kd7 65. Qf6 Ke8
66. Qe5+ Kd7 1/2-1/2

[Event "Titled Tuesday 2021.01.12"]
[Site "chess.com INT"]
[Date "2021.01.12"]
[Round "9"]
[White "Rodrigue-Lemieux, Shawn"]
[Black "Vasquez Schroeder, R."]
[Result "1/2-1/2"]
[WhiteElo "2276"]
[BlackElo "2443"]
[PlyCount "65"]
[EventDate "2021.01.12"]
[EventType "swiss (blitz)"]
[EventRounds "11"]
[EventCountry "NET"]
[Source "Mark Crowther"]
[SourceDate "2021.01.18"]

1. c4 c5 2. g3 g6 3. Bg2 Bg7 4. Nc3 Nc6 5. Nf3 b6 6. O-O Bb7 7. e4 d6 8. d3 e6
9. Be3 Nd4 10. Qd2 h6 11. Rab1 Ne7 12. a3 Nxf3+ 13. Bxf3 Nc6 14. b4 Qf6 15.
bxc5 Qxf3 16. Nb5 O-O 17. Nxd6 Ba6 18. cxb6 axb6 19. Rxb6 Nd4 20. Bxd4 Bxd4 21.
Rb3 Rfd8 22. Nb5 Bxb5 23. cxb5 h5 24. b6 Rdb8 25. b7 Ra7 26. Qc2 Kg7 27. Qc7 h4
28. gxh4 Qg4+ 29. Kh1 Qe2 30. Kg2 Qg4+ 31. Kh1 Qh3 32. Kg1 Qg4+ 33. Kh1 1/2-1/2

[Event "Titled Tuesday 2021.01.12"]
[Site "chess.com INT"]
[Date "2021.01.12"]
[Round "10"]
[White "Le Tuan Minh"]
[Black "Rodrigue-Lemieux, Shawn"]
[Result "1/2-1/2"]
[WhiteElo "2514"]
[BlackElo "2276"]
[PlyCount "74"]
[EventDate "2021.01.12"]
[EventType "swiss (blitz)"]
[EventRounds "11"]
[EventCountry "NET"]
[Source "Mark Crowther"]
[SourceDate "2021.01.18"]

1. d4 Nf6 2. Nf3 d5 3. Bf4 c5 4. c3 Nc6 5. e3 cxd4 6. exd4 Bg4 7. Nbd2 e6 8.
Bd3 Bd6 9. Bg3 O-O 10. O-O Rb8 11. Re1 b5 12. a3 a5 13. Qc2 Bh5 14. Ne5 Qc7 15.
Ndf3 Rfc8 16. Nxc6 Qxc6 17. Ne5 Qc7 18. Qd2 Bg6 19. Nxg6 hxg6 20. Bxd6 Qxd6 21.
Re3 b4 22. cxb4 axb4 23. a4 Qf4 24. Bb5 Ng4 25. g3 Qh6 26. h4 Nxe3 27. fxe3 b3
28. Bd3 Qh5 29. Rf1 e5 30. a5 Rc6 31. a6 exd4 32. exd4 Qg4 33. Qf2 Rf6 34. Qe3
Re6 35. Qf2 Rf6 36. Qe3 Re6 37. Qf2 Rf6 1/2-1/2

[Event "Titled Tuesday 2021.01.12"]
[Site "chess.com INT"]
[Date "2021.01.12"]
[Round "11"]
[White "Rodrigue-Lemieux, Shawn"]
[Black "Parvanyan, Ashot"]
[Result "1-0"]
[WhiteElo "2276"]
[BlackElo "2436"]
[PlyCount "97"]
[EventDate "2021.01.12"]
[EventType "swiss (blitz)"]
[EventRounds "11"]
[EventCountry "NET"]
[Source "Mark Crowther"]
[SourceDate "2021.01.18"]

1. c4 Nf6 2. g3 g6 3. Bg2 Bg7 4. Nc3 O-O 5. e4 d6 6. Nge2 c5 7. O-O Nc6 8. d3
a6 9. h3 Rb8 10. a4 Ne8 11. Be3 b5 12. cxb5 axb5 13. Nxb5 Bxb2 14. Rb1 Bg7 15.
Qd2 Ba6 16. Rfc1 Nc7 17. Nxc7 Qxc7 18. Nc3 Nd4 19. Nd5 Qd7 20. Bxd4 Bxd4 21. a5
e6 22. Nb6 Qe7 23. Nc4 h5 24. h4 Rxb1 25. Rxb1 Bxc4 26. dxc4 Qa7 27. e5 dxe5
28. Rb7 Qa6 29. Rb5 Qa7 30. Qh6 Rb8 31. Qd2 Qc7 32. Qe1 e4 33. Bxe4 Rc8 34. Kg2
Qe5 35. Qe2 Qf6 36. Bf3 Rf8 37. a6 Qg7 38. a7 Qf6 39. a8=Q Rxa8 40. Bxa8 Kg7
41. Bf3 Qf5 42. Qe4 Qf6 43. Qf4 Qe7 44. Rb7 Qe8 45. Qd6 e5 46. Rb8 Qa4 47. Qf8+
Kf6 48. Rb6+ Kf5 49. Qxf7# 1-0

[Event "Wch-U16 Online"]
[Site "Tornelo INT"]
[Date "2020.12.19"]
[Round "1.1"]
[White "Rodrigue-Lemieux, Shawn"]
[Black "Kacharava, Nikolozi"]
[Result "0-1"]
[WhiteElo "2276"]
[BlackElo "2443"]
[PlyCount "114"]
[EventDate "2020.12.19"]
[EventType "k.o. (rapid)"]
[EventRounds "4"]
[EventCountry "NET"]
[Source "Mark Crowther"]
[SourceDate "2020.12.21"]

1. e4 e5 2. Nf3 Nf6 3. Nxe5 d6 4. Nd3 Nxe4 5. Qe2 Qe7 6. Nf4 Nc6 7. Nd5 Nd4 8.
Nxe7 Nxe2 9. Bxe2 Bxe7 10. O-O Bf5 11. Re1 c6 12. d3 Nc5 13. d4 Ne6 14. c3 Kd7
15. Be3 Bg5 16. Bxg5 Nxg5 17. Nd2 h5 18. Nf3 Ne6 19. Rad1 Nf4 20. Bc4 f6 21.
Nh4 Bh7 22. g3 Nh3+ 23. Kg2 Ng5 24. Bd3 Bxd3 25. Rxd3 Rhe8 26. Rde3 Rxe3 27.
Rxe3 Ne6 28. Nf3 a5 29. Nd2 Nc7 30. Kf1 a4 31. Ke1 Nd5 32. Rf3 b5 33. a3 Rh8
34. c4 Nb6 35. cxb5 cxb5 36. b3 Nd5 37. h4 Ra8 38. bxa4 Rxa4 39. Rf5 g6 40. Rf3
Rxd4 41. Rb3 Kc6 42. Ke2 Nb6 43. f3 f5 44. Rc3+ Kd7 45. Rb3 Nc4 46. Nb1 Kc6 47.
Nc3 Rd2+ 48. Ke1 Rd3 49. Nxb5 Rxb3 50. Nd4+ Kd5 51. Nxb3 Nxa3 52. Ke2 Kc4 53.
Nc1 Kc3 54. Nd3 d5 55. Ne5 d4 56. Kd1 d3 57. g4 Nc4 0-1

[Event "Wch-U16 Online"]
[Site "Tornelo INT"]
[Date "2020.12.19"]
[Round "1.2"]
[White "Kacharava, Nikolozi"]
[Black "Rodrigue-Lemieux, Shawn"]
[Result "1/2-1/2"]
[WhiteElo "2443"]
[BlackElo "2276"]
[PlyCount "134"]
[EventDate "2020.12.19"]
[EventType "k.o. (rapid)"]
[EventRounds "4"]
[EventCountry "NET"]
[Source "Mark Crowther"]
[SourceDate "2020.12.21"]

1. e4 c6 2. d4 d5 3. e5 Bf5 4. Nf3 e6 5. Be2 Bb4+ 6. Nbd2 Nd7 7. O-O Ba5 8. a4
Bc7 9. Nb3 Ne7 10. a5 O-O 11. Nh4 Be4 12. f3 Ng6 13. Nxg6 Bxg6 14. f4 Qe7 15.
Be3 f6 16. Bd3 Bxd3 17. Qxd3 fxe5 18. fxe5 c5 19. Nxc5 Nxc5 20. dxc5 Bxe5 21.
Bd4 Bc7 22. Rfe1 Rae8 23. b4 Qg5 24. Qe3 Bf4 25. Qh3 e5 26. Be3 e4 27. Bxf4
Qxf4 28. Qe3 Qg4 29. a6 bxa6 30. Rxa6 Rf3 31. Qd4 Ref8 32. Raa1 Rf2 33. Qxd5+
R8f7 34. Qd8+ Rf8 35. Qd5+ Kh8 36. Qxe4 Qg5 37. c6 Qb5 38. h3 h6 39. Ra5 Qb6
40. Rc5 R2f4 41. Qe7 R4f7 42. Qe3 Qxb4 43. c7 Rc8 44. c3 Qh4 45. Qe6 Qf2+ 46.
Kh1 Rcxc7 47. Rxc7 Rxc7 48. Qe8+ Kh7 49. Qe4+ g6 50. c4 a5 51. Rb1 Qf7 52. Qa8
Qf5 53. Rb8 Qf1+ 54. Kh2 Qf4+ 55. Kh1 Qd4 56. Qxa5 Qxc4 57. Rb1 h5 58. Qd2 Rf7
59. Rc1 Qe4 60. Re1 Qh4 61. Qe2 Qg3 62. Rf1 Rc7 63. Qe6 Kh6 64. Qg8 Qe5 65.
Qf8+ Qg7 66. Qxg7+ Kxg7 67. Kh2 Rd7 1/2-1/2

[Event "Americas-ch U16 Online"]
[Site "Tornelo INT"]
[Date "2020.12.02"]
[Round "1.7"]
[White "Mayta Aiza, Maveric"]
[Black "Rodrigue-Lemieux, Shawn"]
[Result "0-1"]
[WhiteElo "1488"]
[BlackElo "2276"]
[PlyCount "102"]
[EventDate "2020.12.02"]
[EventType "swiss"]
[EventRounds "7"]
[EventCountry "NET"]

1. e4 c6 2. d4 d5 3. exd5 cxd5 4. Nf3 Nc6 5. Bd3 Bg4 6. c3 Qc7 7. h3 Bh5 8. Na3
a6 9. Nc2 Nf6 10. Ne3 e6 11. Bd2 Bd6 12. g4 Bg6 13. Qe2 Ne4 14. h4 h5 15. g5
O-O-O 16. O-O-O Nxf2 17. Qxf2 Bxd3 18. Ne1 Bg6 19. N3c2 Kb8 20. Kb1 Ka8 21. Ka1
Na5 22. Rc1 Rc8 23. Nf3 Bf5 24. Qe2 f6 25. Qd1 Be4 26. Rg1 Rhf8 27. g6 Nc4 28.
Rb1 Bxf3 29. Qxf3 Nxd2 30. Qxh5 Nb3+ 31. axb3 Qa5+ 32. Na3 Bxa3 33. Rbc1 Rh8
34. Qe2 Bd6+ 35. Kb1 e5 36. h5 e4 37. Qg4 Qc7 38. Qe6 Rxh5 39. c4 Bf4 40. Rc2
Qc6 41. Qf7 Rc7 42. Qg8+ Ka7 43. Rgg2 Rh1+ 44. Ka2 dxc4 45. Rxc4 Qb6 46. Rgc2
Qa5+ 47. Ra4 Qe1 48. Rxa6+ Kxa6 49. Rc6+ Rxc6 50. Qa8+ Kb6 51. Qd8+ Bc7 0-1

[Event "Americas-ch U16 Online"]
[Site "Tornelo INT"]
[Date "2020.12.02"]
[Round "2.6"]
[White "Rodrigue-Lemieux, Shawn"]
[Black "Varillas Jimenez, Ivan"]
[Result "1-0"]
[WhiteElo "2276"]
[BlackElo "2028"]
[PlyCount "83"]
[EventDate "2020.12.02"]
[EventType "swiss"]
[EventRounds "7"]
[EventCountry "NET"]

1. c4 g6 2. g3 Bg7 3. Bg2 c5 4. Nc3 Nc6 5. Nf3 d6 6. O-O e5 7. Ne1 Be6 8. d3
Nge7 9. Nc2 d5 10. cxd5 Nxd5 11. Ne3 Nde7 12. Bd2 O-O 13. a3 Nd4 14. b4 Rb8 15.
bxc5 Nb3 16. Rb1 Nxc5 17. Na4 Nxa4 18. Qxa4 Nc6 19. Bxc6 bxc6 20. Qxc6 Re8 21.
Qa4 h5 22. Rfc1 Bf6 23. Ba5 Qd4 24. Rb4 Qd7 25. Qxd7 Bxd7 26. Nd5 Kg7 27. Rc7
Be6 28. Nxf6 Kxf6 29. Rxa7 Rbc8 30. Rc7 Ra8 31. Rc5 Rec8 32. Rxc8 Bxc8 33. Rb6+
Be6 34. Bb4 h4 35. gxh4 Rc8 36. f3 Rc2 37. Kf2 Kg7 38. a4 Ra2 39. a5 Ra1 40.
Bc3 Ra3 41. Bxe5+ Kh6 42. Rb8 1-0

[Event "Americas-ch U16 Online"]
[Site "Tornelo INT"]
[Date "2020.12.02"]
[Round "3.2"]
[White "Rodrigue-Lemieux, Shawn"]
[Black "Avila Pavas, Santiago"]
[Result "1-0"]
[WhiteElo "2276"]
[BlackElo "2393"]
[PlyCount "49"]
[EventDate "2020.12.02"]
[EventType "swiss"]
[EventRounds "7"]
[EventCountry "NET"]

1. c4 Nf6 2. g3 e6 3. Bg2 d5 4. Nf3 dxc4 5. Na3 Bxa3 6. bxa3 Nbd7 7. Bb2 c5 8.
Rc1 b6 9. Ne5 Nd5 10. Nxc4 O-O 11. e4 Ne7 12. O-O Bb7 13. d4 Nf6 14. e5 Nfd5
15. dxc5 bxc5 16. Nd6 Ba6 17. Re1 Rb8 18. Ba1 Qa5 19. Qf3 Nf5 20. Nxf5 exf5 21.
Qxd5 Bb7 22. Qxc5 Qd2 23. Bxb7 Rxb7 24. Qc2 Qd5 25. Qc6 1-0

[Event "Americas-ch U16 Online"]
[Site "Tornelo INT"]
[Date "2020.12.02"]
[Round "4.1"]
[White "Castellanos Villela, Alejandro"]
[Black "Rodrigue-Lemieux, Shawn"]
[Result "0-1"]
[WhiteElo "2202"]
[BlackElo "2276"]
[PlyCount "80"]
[EventDate "2020.12.02"]
[EventType "swiss"]
[EventRounds "7"]
[EventCountry "NET"]

1. Nf3 Nf6 2. g3 d5 3. Bg2 e6 4. O-O Be7 5. c4 O-O 6. d4 dxc4 7. Ne5 Nc6 8.
Nxc6 bxc6 9. Na3 Bxa3 10. bxa3 Rb8 11. Qa4 Qxd4 12. Be3 Qg4 13. Bxa7 Ra8 14.
Rfd1 Bd7 15. Rd2 e5 16. Qa5 c3 17. Rc2 Qc4 18. e3 Bf5 19. Rxc3 Rxa7 20. Qxe5
Qe6 21. Qc5 Raa8 22. Bxc6 Ne4 23. Bxe4 Bxe4 24. Rf1 Bf3 25. e4 Bxe4 26. Re3 Qc6
27. Qxc6 Bxc6 28. Rc1 Ra6 29. Rec3 Bd5 30. R1c2 c6 31. f3 g6 32. Kf2 Rfa8 33.
Re3 Rxa3 34. Rxa3 Rxa3 35. Ke1 Rxa2 36. Rc5 Rxh2 37. f4 h5 38. f5 gxf5 39. Rc2
Rxc2 40. g4 hxg4 0-1

[Event "Americas-ch U16 Online"]
[Site "Tornelo INT"]
[Date "2020.12.02"]
[Round "5.1"]
[White "Rodrigue-Lemieux, Shawn"]
[Black "Hong, Andrew"]
[Result "0-1"]
[WhiteElo "2276"]
[BlackElo "2449"]
[PlyCount "130"]
[EventDate "2020.12.02"]
[EventType "swiss"]
[EventRounds "7"]
[EventCountry "NET"]

1. c4 c5 2. g3 Nc6 3. Bg2 g6 4. Nc3 Bg7 5. Nf3 d6 6. O-O Rb8 7. e3 Nf6 8. d4
O-O 9. b3 Be6 10. Bb2 cxd4 11. Nxd4 Nxd4 12. Qxd4 Nd5 13. Qd2 Nxc3 14. Bxc3
Bxc3 15. Qxc3 b5 16. Bd5 Qc8 17. Rfc1 bxc4 18. Bxe6 Qxe6 19. Qxc4 Rfc8 20. Qxe6
fxe6 21. Kf1 g5 22. Ke2 g4 23. Kd2 Rf8 24. Ke2 Rbc8 25. Rxc8 Rxc8 26. Kd2 Rc5
27. Rc1 Rf5 28. Ke2 Kf7 29. Rc4 Ra5 30. a4 h5 31. h3 gxh3 32. Rh4 Rc5 33. Rxh3
Rc2+ 34. Kf3 Kg6 35. Rh4 Rb2 36. Rb4 e5 37. Rb7 Kf6 38. e4 e6 39. a5 d5 40. a6
d4 41. b4 Kg6 42. b5 Kf6 43. Rxa7 Rxb5 44. Ra8 Ra5 45. a7 Kg7 46. Re8 Rxa7 47.
Rxe6 Ra5 48. g4 Kf7 49. Rh6 Ra3+ 50. Ke2 hxg4 51. Rh4 g3 52. fxg3 Rxg3 53. Kd2
Kf6 54. Rh5 Re3 55. Rf5+ Ke6 56. Rh5 Rxe4 57. Rh8 Rg4 58. Ra8 Kd5 59. Ra3 Rg2+
60. Ke1 Ke4 61. Rb3 d3 62. Rb5 Kd4 63. Ra5 e4 64. Rh5 Ra2 65. Rh3 Ra1+ 0-1

[Event "Americas-ch U16 Online"]
[Site "Tornelo INT"]
[Date "2020.12.02"]
[Round "6.2"]
[White "He, Anthony"]
[Black "Rodrigue-Lemieux, Shawn"]
[Result "1/2-1/2"]
[WhiteElo "2337"]
[BlackElo "2276"]
[PlyCount "50"]
[EventDate "2020.12.02"]
[EventType "swiss"]
[EventRounds "7"]
[EventCountry "NET"]

1. e4 c6 2. Nc3 d5 3. Nf3 Bg4 4. h3 Bxf3 5. Qxf3 Nf6 6. Be2 e6 7. O-O Nbd7 8.
d4 dxe4 9. Nxe4 Nxe4 10. Qxe4 Nf6 11. Qd3 Bd6 12. Rd1 O-O 13. Bd2 e5 14. dxe5
Bxe5 15. Qf5 Qc7 16. c3 Rfe8 17. Bd3 Rad8 18. Qf3 Rd5 19. Be3 Red8 20. Bc4 R5d7
21. Rxd7 Rxd7 22. Rd1 a6 23. a4 h6 24. Bb3 Qd8 25. Kf1 Rd3 1/2-1/2

[Event "Americas-ch U16 Online"]
[Site "Tornelo INT"]
[Date "2020.12.02"]
[Round "7.3"]
[White "Rodrigue-Lemieux, Shawn"]
[Black "Zhao, Ian"]
[Result "1-0"]
[WhiteElo "2276"]
[BlackElo "2347"]
[PlyCount "59"]
[EventDate "2020.12.02"]
[EventType "swiss"]
[EventRounds "7"]
[EventCountry "NET"]

1. e4 e5 2. Nf3 Nc6 3. Bb5 a6 4. Ba4 Nf6 5. d3 b5 6. Bb3 Be7 7. O-O d6 8. a4
Bg4 9. c3 O-O 10. Nbd2 Na5 11. Bc2 c5 12. Re1 Qc7 13. Nf1 h6 14. Bd2 Rfb8 15.
axb5 axb5 16. Rc1 b4 17. cxb4 cxb4 18. Ne3 Be6 19. d4 Qb7 20. d5 Bd7 21. g3 g5
22. h4 g4 23. Nh2 h5 24. f3 gxf3 25. Qxf3 Kh8 26. Ng2 Rg8 27. Bg5 Rg6 28. Ne3
Qb6 29. Kh1 Rag8 30. Nf5 1-0

[Event "Titled Tuesday 2020.12.01"]
[Site "chess.com INT"]
[Date "2020.12.01"]
[Round "6"]
[White "Sieciechowicz, M."]
[Black "Rodrigue-Lemieux, Shawn"]
[Result "1-0"]
[WhiteElo "2386"]
[BlackElo "2276"]
[PlyCount "59"]
[EventDate "2020.12.01"]
[EventType "swiss (blitz)"]
[EventRounds "11"]
[EventCountry "NET"]
[Source "Mark Crowther"]
[SourceDate "2020.12.07"]

1. d4 Nf6 2. c4 e6 3. Nc3 Bb4 4. e3 O-O 5. Nge2 Re8 6. a3 Bf8 7. d5 a5 8. Ng3
Na6 9. Rb1 exd5 10. cxd5 c6 11. Be2 b5 12. O-O Bb7 13. Bf3 Qb6 14. e4 Rad8 15.
Bg5 cxd5 16. exd5 h6 17. Be3 Rxe3 18. fxe3 b4 19. axb4 axb4 20. Nce4 Nxd5 21.
Qd4 Qb5 22. Be2 Qc6 23. Rbc1 Qe6 24. Rf5 Nac7 25. Re5 Qg6 26. Bh5 Qh7 27. Nf5
d6 28. Nfxd6 Ne6 29. Bxf7+ Kh8 30. Rxe6 1-0

[Event "Titled Tuesday 2020.11.17"]
[Site "chess.com INT"]
[Date "2020.11.17"]
[Round "2"]
[White "Bouget, Alexandre"]
[Black "Rodrigue-Lemieux, Shawn"]
[Result "0-1"]
[WhiteElo "2247"]
[BlackElo "2276"]
[PlyCount "58"]
[EventDate "2020.11.17"]
[EventType "swiss (blitz)"]
[EventRounds "11"]
[EventCountry "NET"]
[Source "Mark Crowther"]
[SourceDate "2020.11.23"]

1. d4 Nf6 2. c4 e6 3. Nc3 Bb4 4. Nf3 d5 5. cxd5 exd5 6. Bg5 h6 7. Bh4 O-O 8. e3
Bf5 9. Qb3 c5 10. dxc5 Nc6 11. Bb5 Bxc5 12. Rd1 Nb4 13. Nd4 Bg4 14. O-O Bxd1
15. Rxd1 a6 16. Be2 g5 17. Bg3 Re8 18. Nf5 Qd7 19. Nxh6+ Kg7 20. a3 Kxh6 21.
axb4 Bf8 22. h4 Qf5 23. hxg5+ Kxg5 24. Nxd5 Ne4 25. Bf4+ Kg6 26. g4 Qe6 27. Bc4
Qxg4+ 28. Kf1 Qf3 29. Rd4 Qxf2# 0-1

[Event "CAN-ch U16"]
[Site "chess.com"]
[Date "2020.11.08"]
[Round "2.69"]
[White "Huang, Patrick"]
[Black "Rodrigue-Lemieux, Shawn"]
[Result "0-1"]
[WhiteElo "2134"]
[BlackElo "2330"]
[PlyCount "56"]
[EventDate "2020.11.08"]
[EventType "swiss (rapid)"]
[EventRounds "6"]
[EventCountry "CAN"]

1. d4 Nf6 2. Bf4 d5 3. e3 c5 4. c3 Nc6 5. Nd2 cxd4 6. exd4 Bg4 7. Ngf3 e6 8.
Qb3 Qc8 9. h3 Bh5 10. Be2 Be7 11. Rc1 O-O 12. O-O Ne4 13. Rfe1 Nxd2 14. Nxd2
Bxe2 15. Rxe2 Nxd4 16. cxd4 Qxc1+ 17. Kh2 Qc6 18. Nf3 Bd6 19. Ne5 Bxe5 20. Bxe5
f6 21. Bf4 Rac8 22. Qg3 Rfe8 23. h4 Qd7 24. h5 Qf7 25. Qg4 Rc4 26. Be3 e5 27.
b3 Rcc8 28. Rd2 f5 0-1

[Event "CAN-ch U16"]
[Site "chess.com"]
[Date "2020.11.08"]
[Round "5.69"]
[White "Rodrigue-Lemieux, Shawn"]
[Black "Doknjas, Neil"]
[Result "1-0"]
[WhiteElo "2330"]
[BlackElo "2153"]
[PlyCount "73"]
[EventDate "2020.11.08"]
[EventType "swiss (rapid)"]
[EventRounds "6"]
[EventCountry "CAN"]

1. c4 e6 2. Nc3 d5 3. e3 Nf6 4. Nf3 Be7 5. b3 O-O 6. Bb2 b6 7. Qc2 c5 8. cxd5
exd5 9. d4 Nc6 10. Bb5 Nb4 11. Qd1 Bf5 12. O-O a6 13. Be2 Qd6 14. a3 Nc6 15.
Rc1 Ne4 16. dxc5 Nxc5 17. b4 Nd7 18. Nxd5 Rfc8 19. Nxe7+ Qxe7 20. Nd4 Nxd4 21.
Qxd4 f6 22. Bxa6 Rd8 23. Rc7 Kh8 24. Bb5 Qe5 25. Qxe5 Nxe5 26. Bxe5 fxe5 27.
Rc3 h6 28. h3 Rd2 29. Ra1 Rb2 30. Rd1 Rb8 31. Rd5 Bg6 32. Rxe5 Rd8 33. f4 Rd1+
34. Kh2 Rdd2 35. Bc6 Bd3 36. Rxd3 Rxd3 37. Re8+ 1-0

[Event "CAN-ch U16"]
[Site "chess.com"]
[Date "2020.11.08"]
[Round "6.69"]
[White "Qiu, Peter Yong"]
[Black "Rodrigue-Lemieux, Shawn"]
[Result "0-1"]
[WhiteElo "1514"]
[BlackElo "2330"]
[PlyCount "78"]
[EventDate "2020.11.08"]
[EventType "swiss (rapid)"]
[EventRounds "6"]
[EventCountry "CAN"]

1. e4 c6 2. d4 d5 3. exd5 cxd5 4. Nf3 Nc6 5. Bb5 Bg4 6. h3 Bxf3 7. Qxf3 Nf6 8.
O-O e6 9. Nc3 Be7 10. Be3 O-O 11. Qg3 Rc8 12. Be2 Bb4 13. Bh6 Ne8 14. Be3 Bxc3
15. bxc3 Nd6 16. Bd3 Ne7 17. Bd2 Ng6 18. f4 f5 19. Rfe1 Ne4 20. Bxe4 dxe4 21.
Rab1 Qd5 22. Rb2 Rc4 23. Reb1 b6 24. Rb5 Qd6 25. R5b4 Rfc8 26. Qg5 Ne7 27. g4
Rxb4 28. Rxb4 e3 29. Bxe3 Nd5 30. gxf5 Nxe3 31. fxe6 Qxe6 32. Rb5 h6 33. Qh5
Qe4 34. Qe2 Qxf4 35. Re5 Qg3+ 36. Kh1 Qxh3+ 37. Kg1 Qg4+ 38. Qxg4 Nxg4 39. Re7
Rxc3 0-1

[Event "Titled Tuesday 2020.08.18"]
[Site "chess.com INT"]
[Date "2020.08.18"]
[Round "1"]
[White "Kanyamarala, Tarun"]
[Black "Rodrigue-Lemieux, Shawn"]
[Result "0-1"]
[WhiteElo "2381"]
[BlackElo "2276"]
[PlyCount "80"]
[EventDate "2020.08.18"]
[EventType "swiss (blitz)"]
[EventRounds "10"]
[EventCountry "NET"]
[Source "Mark Crowther"]
[SourceDate "2020.08.24"]

1. e4 c6 2. d4 d5 3. e5 Bf5 4. h4 Qc8 5. Nc3 a6 6. Nge2 h6 7. f3 e6 8. g4 Bh7
9. Nf4 c5 10. Na4 Nd7 11. dxc5 Bxc5 12. Nxc5 Qxc5 13. Qe2 Qxc2 14. Qxc2 Bxc2
15. Be3 Nxe5 16. Be2 Nf6 17. Rc1 Ba4 18. Kf2 Bc6 19. g5 Nfd7 20. Nh5 hxg5 21.
hxg5 O-O 22. Bd4 Bb5 23. f4 Bxe2 24. Kxe2 Ng6 25. Rc7 e5 26. Rxd7 exd4 27. Rxd5
Rfd8 28. Rc5 Rac8 29. Rhc1 Rxc5 30. Rxc5 d3+ 31. Kd2 Nh4 32. Rc1 Nf3+ 33. Ke3
Nh4 34. Rd1 Nf5+ 35. Ke4 Nd6+ 36. Kd4 d2 37. Ng3 Nf5+ 38. Ke4 Nxg3+ 39. Kf3 Nf5
40. Kg4 Ne3+ 0-1

[Event "Titled Tuesday 2020.08.18"]
[Site "chess.com INT"]
[Date "2020.08.18"]
[Round "2"]
[White "Rodrigue-Lemieux, Shawn"]
[Black "Ladron de Guevara Pinto, P."]
[Result "0-1"]
[WhiteElo "2276"]
[BlackElo "2450"]
[PlyCount "118"]
[EventDate "2020.08.18"]
[EventType "swiss (blitz)"]
[EventRounds "10"]
[EventCountry "NET"]
[Source "Mark Crowther"]
[SourceDate "2020.08.24"]

1. c4 g6 2. g3 Bg7 3. Bg2 d6 4. Nc3 e5 5. e4 Ne7 6. Nge2 O-O 7. O-O Nbc6 8. d3
Nd4 9. Nxd4 exd4 10. Ne2 c5 11. Bd2 Nc6 12. a3 a5 13. Nf4 a4 14. Nd5 Bd7 15. f4
f5 16. b4 axb3 17. Qxb3 fxe4 18. Bxe4 Rb8 19. Qb6 Qxb6 20. Nxb6 Be6 21. Rfe1
Rfe8 22. Rab1 Bf6 23. Nd5 Bd8 24. Rb3 Bf5 25. Bxf5 Rxe1+ 26. Bxe1 gxf5 27. Kf2
Kf7 28. Kf3 Ne7 29. a4 Nxd5 30. cxd5 b6 31. Rb5 Ra8 32. a5 bxa5 33. Rb7+ Ke8
34. g4 fxg4+ 35. Kxg4 a4 36. Rb2 Kf7 37. Kf5 Ra7 38. Bd2 Bf6 39. Bc1 c4 40.
dxc4 d3 41. Ra2 Bc3 42. Ke4 Bb4 43. Kxd3 a3 44. Bd2 Bc5 45. Bc3 Rb7 46. Rg2 Kf8
47. Kc2 Re7 48. Rd2 Re4 49. Kb3 Rxf4 50. Re2 Rf3 51. Kc2 Rh3 52. Ba1 Kf7 53.
Rg2 h5 54. Kb1 Rh4 55. Ka2 Rxc4 56. Rg7+ Kf8 57. Rh7 Rh4 58. Bg7+ Kg8 59. Be5
Kxh7 0-1

[Event "Titled Tuesday 2020.08.18"]
[Site "chess.com INT"]
[Date "2020.08.18"]
[Round "3"]
[White "Perdomo, C."]
[Black "Rodrigue-Lemieux, Shawn"]
[Result "0-1"]
[WhiteElo "2301"]
[BlackElo "2276"]
[PlyCount "86"]
[EventDate "2020.08.18"]
[EventType "swiss (blitz)"]
[EventRounds "10"]
[EventCountry "NET"]
[Source "Mark Crowther"]
[SourceDate "2020.08.24"]

1. c4 Nf6 2. Nc3 e6 3. g3 d5 4. cxd5 exd5 5. d4 Be7 6. Bg2 O-O 7. Nf3 c6 8. O-O
Re8 9. Bg5 h6 10. Bxf6 Bxf6 11. e3 a5 12. a3 Na6 13. Qd2 Bf5 14. Rfc1 Qd6 15.
Na4 b5 16. Nc5 Nxc5 17. Rxc5 g5 18. Rac1 Bd7 19. Ne1 h5 20. Nd3 Re7 21. R5c2
Kg7 22. Nc5 Bf5 23. Nd3 Rc7 24. Rc5 Raa7 25. Qc3 h4 26. Ne5 hxg3 27. hxg3 b4
28. axb4 axb4 29. Qxb4 Bxe5 30. dxe5 Qxe5 31. Qc3 Qxc3 32. R5xc3 Rcb7 33. Rxc6
Rxb2 34. Bxd5 Bg6 35. Rc7 Ra5 36. e4 Re2 37. R7c2 Rxc2 38. Rxc2 Rxd5 39. exd5
Bxc2 40. f4 gxf4 41. gxf4 Kf6 42. Kf2 Be4 43. Ke3 Bxd5 0-1

[Event "Titled Tuesday 2020.08.18"]
[Site "chess.com INT"]
[Date "2020.08.18"]
[Round "4"]
[White "Rodrigue-Lemieux, Shawn"]
[Black "Ghimpu, Samuel-Timotei"]
[Result "0-1"]
[WhiteElo "2276"]
[BlackElo "2302"]
[PlyCount "68"]
[EventDate "2020.08.18"]
[EventType "swiss (blitz)"]
[EventRounds "10"]
[EventCountry "NET"]
[Source "Mark Crowther"]
[SourceDate "2020.08.24"]

1. c4 Nf6 2. g3 e6 3. Bg2 d5 4. Nf3 Be7 5. O-O O-O 6. b3 d4 7. e3 c5 8. b4 dxe3
9. fxe3 cxb4 10. Bb2 Nc6 11. d4 e5 12. d5 e4 13. Ng5 Na5 14. Nd2 Qb6 15. Bd4
Bc5 16. Bxf6 Bxe3+ 17. Kh1 gxf6 18. Ngxe4 f5 19. c5 Qh6 20. Nd6 Bxd2 21. Nxf5
Bxf5 22. Rxf5 Rae8 23. Rh5 Qg7 24. Qf1 Nc4 25. Rb1 Ne3 26. Qd3 Qg6 27. Qxg6+
fxg6 28. Rh4 Nxg2 29. Kxg2 Re2+ 30. Kh1 a5 31. d6 Be3 32. Re4 Rff2 33. Rh4 Bxc5
34. d7 Rd2 0-1

[Event "Titled Tuesday 2020.08.18"]
[Site "chess.com INT"]
[Date "2020.08.18"]
[Round "5"]
[White "Altman, Joshua"]
[Black "Rodrigue-Lemieux, Shawn"]
[Result "0-1"]
[WhiteElo "1926"]
[BlackElo "2276"]
[PlyCount "114"]
[EventDate "2020.08.18"]
[EventType "swiss (blitz)"]
[EventRounds "10"]
[EventCountry "NET"]
[Source "Mark Crowther"]
[SourceDate "2020.08.24"]

1. d4 Nf6 2. c4 e6 3. Nf3 d5 4. Nc3 Bb4 5. cxd5 exd5 6. Bg5 h6 7. Bh4 O-O 8. e3
c6 9. Qc2 Re8 10. Bd3 a5 11. O-O Na6 12. a3 Be7 13. h3 Ne4 14. Bxe7 Qxe7 15.
Nd2 Nxd2 16. Qxd2 Nc7 17. Rae1 f5 18. f3 Qg5 19. Qf2 Be6 20. Ne2 Bf7 21. f4 Qf6
22. Ng3 Bg6 23. Qc2 Rf8 24. Qf2 Ne8 25. Ne2 Nd6 26. Nc3 Rfe8 27. Re2 Re7 28.
Rfe1 b5 29. Rc2 b4 30. axb4 axb4 31. Nb1 Be8 32. Nd2 Rea7 33. Nf3 Ra1 34. Rcc1
Rxc1 35. Rxc1 Qd8 36. Ne5 Qb6 37. Qc2 Kf8 38. Bxf5 b3 39. Qd3 Qa6 40. Qxa6 Rxa6
41. Bd7 Bxd7 42. Nxd7+ Ke7 43. Ne5 Ra2 44. Nxc6+ Ke6 45. Rb1 Nc4 46. Nd8+ Kf5
47. Nb7 Nd2 48. Rd1 Rxb2 49. Nc5 Nc4 50. Rd3 Rb1+ 51. Kh2 b2 52. Rb3 Rd1 53.
g4+ Kg6 54. f5+ Kh7 55. Ne6 b1=Q 56. Rb7 Qxb7 57. Nxg7 Qb2+ 0-1